000 00298nam a22001457a 4500
008 210426b ||||| |||| 00| 0 eng d
020 _a0471040827
041 _aeng
080 _a541
082 _a541
100 _a12
101 _aKIM
245 _aSoil Chemistry
_cBohn,H
942 _2udc
_cBK
999 _c56791
_d56791